000 00563nmm a2200169Ia 4500
008 251105s9999||||xx |||||||||||||||||und||
020 _a9788437073972
041 _acat
100 _aGimeno Blay, Francisco M.
245 0 _aOrdinacions de la Casa i Cort de Pere el Ceremoniós
264 _a[Madrid, España] :
_bPublicaciones de la Universidad de Valencia (PUV),
_c2009
300 _a288 páginas
490 _aFonts històriques valencianes
650 _aHistory of Europe: Spain
856 _uhttps://public.digitaliapublishing.com/a/34809
942 _cCF
999 _c82461
_d82461